|
|
|
|
| LEADER |
00000nam a2200000 a 4500 |
| 001 |
UCG1253 |
| 003 |
CL-VaPUC |
| 008 |
100429e20100000CL |||||||||||||||||spa|d |
| 020 |
|
|
|a 9789562397186
|
| 082 |
0 |
4 |
|a 611
|b GON
|2 21
|
| 100 |
0 |
|
|a Góngora Escobedo, Alvaro
|e author
|9 518561
|
| 700 |
0 |
|
|a Sagredo Baeza, Rafael
|e author
|9 549095
|
| 245 |
1 |
0 |
|a Fragmentos para una historia del cuerpo en Chile
|
| 250 |
|
|
|a 1a. ed
|
| 300 |
|
|
|a 507 p
|
| 942 |
|
|
|c BK
|
| 945 |
|
|
|d 20100429 00:00:00
|a rbrito
|
| 260 |
|
|
|a Santiago
|b Taurus
|c 2010
|
| 650 |
|
0 |
|a Anatomía humana
|9 269546
|
| 650 |
|
0 |
|a Cuerpo humano
|9 257169
|
| 650 |
|
0 |
|a Antropometría
|9 266742
|
| 583 |
|
|
|a last modification
|c 20100429 00:00:00
|k Rodrigo Vera
|
| 490 |
0 |
|
|a Historia
|
| 999 |
|
|
|c 340661
|d 340659
|
| 952 |
|
|
|0 0
|1 0
|4 0
|6 611_000000000000000_GON_2010
|7 0
|8 A
|9 435581
|a BIBHIS
|b BIBEDU
|d 2019-11-22
|i 4667913
|l 3
|o 611 GON 2010
|p 4667913
|r 2025-01-20
|s 2023-01-11
|w 2019-11-22
|y BK
|k HIS
|
| 952 |
|
|
|0 0
|1 0
|4 0
|6 611_000000000000000_GON_2010
|7 0
|8 A
|9 435582
|a BIBHIS
|b BIBHIS
|d 2019-11-22
|i 4667921
|l 1
|m 1
|o 611 GON 2010
|p 4667921
|r 2025-01-20
|s 2021-06-08
|w 2019-11-22
|y BK
|k HIS
|
| 952 |
|
|
|0 0
|1 0
|4 0
|6 611_000000000000000_GON_2010
|7 0
|8 A
|9 435583
|a BIBHIS
|b BIBHIS
|d 2019-11-22
|i 4689321
|o 611 GON 2010
|p 4689321
|r 2025-01-20
|w 2019-11-22
|y BK
|k HIS
|